000
00335 a2200157 4500
001
183984
020
_a
84-348-2703-4
040
_c
Magnum
100
_a
Machado, Ana Maria
240
1
0
_a
Camilón, comilón
_l
ESP
245
1
0
_a
Camilón, comilón
300
_a
59
362
0
_a
1998
697
_a
LITERATURA ESPANHOLA
942
_c
BK
999
_c
183984
_d
183984